Business Statistic Demystied (Record no. 4922)

MARC details
005 - DATE AND TIME OF LATEST TRANSACTION
control field 20250625064632.0
020 ## - INTERNATIONAL STANDARD BOOK NUMBER
International Standard Book Number 0-07-144024-0
082 ## - DEWEY DECIMAL CLASSIFICATION NUMBER
Classification number 519.5 KEM
100 ## - MAIN ENTRY--PERSONAL NAME
Author name KEMP, S. T.
245 ## - TITLE STATEMENT
Title Business Statistic Demystied
260 ## - PUBLICATION, DISTRIBUTION, ETC.
Place of publication, distribution, etc. New York,
Name of publisher, distributor, etc. McGraw Hill,
Date of publication, distribution, etc. 2004
300 ## - PHYSICAL DESCRIPTION
Extent xv, 369p.;ill.; figure, table
Other physical details Index
Dimensions 23cm
700 ## - ADDED ENTRY--PERSONAL NAME
Other authors/Editors KEMP, S.
942 ## - ADDED ENTRY ELEMENTS (KOHA)
Source of classification or shelving scheme Dewey Decimal Classification
Koha item type Books
Holdings
Date last seen Total checkouts Full call number Barcode Cost, replacement price Price effective from Koha item type Lost status Source of classification or shelving scheme Damaged status Not for loan Withdrawn status Home library Current library Shelving location Date acquired Cost, normal purchase price
06/25/2025   519.5 KEM DOM000956 75000.00 06/25/2025 Books   Dewey Decimal Classification       CBE Dodoma CBE Dodoma General Collection 12/20/2010 25000.00
06/25/2025   519.5 KEM DOM000958 75000.00 06/25/2025 Books   Dewey Decimal Classification       CBE Dodoma CBE Dodoma General Collection 12/20/2010 25000.00
06/25/2025   519.5 KEM DOM000954 75000.00 06/25/2025 Books   Dewey Decimal Classification       CBE Dodoma CBE Dodoma General Collection 12/20/2010 25000.00
06/25/2025   519.5 KEM DOM000955 75000.00 06/25/2025 Books   Dewey Decimal Classification       CBE Dodoma CBE Dodoma General Collection 12/20/2010 25000.00
06/25/2025   519.5 KEM DOM000957 75000.00 06/25/2025 Books   Dewey Decimal Classification       CBE Dodoma CBE Dodoma General Collection 12/20/2010 25000.00